Statistics for Growing Cities in Iowa

Click here to take the quiz!

General Stats

  • This quiz has been taken 14 times
  • The average score is 6 of 10

Answer Stats

PopulationPopulation GainedCity% Correct
137,71011,101Cedar Rapids
92%
214,1339,917Des Moines
92%
74,8286,865Iowa City
92%
66,4277,392Ames
67%
68,72312,016West Des Moines
67%
67,88722,285Ankeny
58%
23,94010,127Waukee
58%
20,4797,086North Liberty
42%
24,0646,786Johnston
33%
15,3927,079Grimes
25%

Score Distribution

Percentile by Number Answered

Percent of People with Each Score

Your Score History

You have not taken this quiz